Loading...
| Fine Arts - Classical Music | 0 | 4 | 0 | 1 | 40 | 49 | 81.25 | 1 | 3 |
| Fine Arts - Visual Fine Arts | 0 | 4 | 1 | 0 | 35 | 52 | 61.75 | 1 | 3 |
| Science - Chemistry | 0 | 4 | 1 | 1 | 35 | 50 | 72.50 | 2 | 3 |
| Philosophy | 0 | 3 | 0 | 0 | 30 | 105 | 114.67 | 0 | 0 |
| History - Other History | 0 | 3 | 0 | 0 | 30 | 39 | 66.67 | 1 | 2 |
| Social Science | 0 | 2 | 0 | 0 | 20 | 73 | 84.50 | 0 | 1 |
| Literature - European Literature | 0 | 2 | 0 | 0 | 20 | 52 | 87.50 | 2 | 2 |
| Literature - World/Other Literature | 0 | 2 | 0 | 0 | 20 | 50 | 74.50 | 1 | 1 |
| Fine Arts - Other Fine Arts | 0 | 3 | 3 | 1 | 15 | 58 | 81.33 | 2 | 3 |
| Literature - American Literature | 0 | 1 | 0 | 0 | 10 | 69 | 69.00 | 0 | 0 |
| Religion | 0 | 1 | 1 | 0 | 5 | 17 | 17.00 | 1 | 1 |
| Science - Biology | 0 | 1 | 1 | 0 | 5 | 118 | 118.00 | 0 | 0 |
| Literature - British Literature | 0 | 1 | 1 | 1 | 5 | 138 | 138.00 | 0 | 0 |
| Other Academic | 0 | 0 | 0 | 0 | 0 | 0.00 | 0 | 0 | |
| History - European History | 0 | 0 | 1 | 0 | -5 | 0.00 | 0 | 0 |